000 00291nam a22001217a 4500
008 260424b |||||||| |||| 00| 0 eng d
082 _a001339
100 _aOja, Gopesh Kumar
245 _aJatakaparijata Vol 1
260 _aDelhi
_bMotilal Banarasidass
_c2015
300 _a623p
942 _2ddc
999 _c1325
_d1325